000 00285nam a22001337a 4500
008 171004b xxu||||| |||| 00| 0 eng d
020 _a0716713713
041 _aeng
080 _a159.9
100 _a47
101 _aPSI
245 _aMEMORY OBSERVES
_cNEISSER.U
942 _2udc
_cBK
999 _c31673
_d31673